000 00706cam a2200241 a 4500
008
020 _a0072315008 (hbk.)
049 _aMAIN
090 0 _aHD58.7
_bKRE
100 1 _aKreitner, Robert.
245 1 0 _aOrganizational behavior /
_cRobert Kreitner [and] Angelo Kinicki.
250 _a5th ed.
260 _aBoston, Mass. :
_bMcGraw-Hill Irwin,
_cc2000.
300 _axxv, 773 p. :
_b(some col.) ill. ;
_c27 cm.
500 _aIncludes indexes.
650 0 _aOrganizational behavior.
700 1 _aKinicki, Angelo.
907 _a.b10304095
_b27-03-12
_c01-12-11
003
005 20230123125348.0
040 _cNUST
942 _cBOOKS
_kHD58.7
_mKRE
999 _c140219
_d140219